Upcyclist : Reclaimed and remade furniture, lighting and interiors

Salvato in:
Dettagli Bibliografici
Autore principale: Edwards, Antonia
Natura: Libro
Lingua:inglese
Pubblicazione: Munich : Prestel Verlag, 2015
Soggetti:
Tags: Aggiungi Tag
Nessun Tag, puoi essere il primo ad aggiungerne!!

MARC

LEADER 00000nam a22000003a 4500
001 0021534
003 SK-STU
005 20170131074417.1
007 ta
008 170127s ----xo-----e------000-0-----d
020 |a 978-3-7913-4950-3 
040 |a STU  |b slo 
041 0 |a eng 
044 |a gw 
100 1 |a Edwards, Antonia  |r Z6 
245 1 0 |a Upcyclist :  |b Reclaimed and remade furniture, lighting and interiors 
260 |a Munich :  |b Prestel Verlag,  |c 2015 
300 |a 255 s. 
650 0 7 |a nábytkový a interiérový dizajn 
650 0 7 |a furniture 
650 0 7 |a lighting 
650 0 7 |a osvetlenie 
650 0 7 |a sklo 
650 0 7 |a textil 
996 |b 284AU06884  |c A* 10012/U  |l AAKNST  |s P  |a 0  |w 0021534_0001